Viñetas de Barrio: Experiencias de un taller de cómic en Placilla.

-д хадгалсан:
Номзүйн дэлгэрэнгүй
Байгууллагын зохиогч: Junta de vecinos Altos Ideales de Curauma (autor)
Бусад зохиолчид: Rosales, Oscar (correcciones, fotografías), Rocco, Claudio (diseño, diagramación)
Формат: Ном
Хэвлэсэн: Valparaíso, Chile: [s.n.], 2018.
Нөхцлүүд:
Шошгууд: Шошго нэмэх
Шошго байхгүй, Энэхүү баримтыг шошголох эхний хүн болох!

MARC

LEADER 00000nam a22000007a 4500
003 CL-VaPUC
005 20250321101942.0
008 250204t2018 ||||| |||| 00| 0 eng d
999 |c 447010  |d 447008 
040 |c Pontificia Universidad Católica de Valparaíso 
082 |a 741.5 JUN 2018 
110 |9 896128  |a Junta de vecinos Altos Ideales de Curauma,  |e autor 
245 |a Viñetas de Barrio:  |b Experiencias de un taller de cómic en Placilla. 
260 |a Valparaíso, Chile:  |b [s.n.],  |c 2018. 
300 |a sin numeración:  |b ilustraciones, fotografías. 
500 |a c.1-c.2. Instituto Arcos.08-01-2025. 
583 |c 20250204  |k Gabriela Rodríguez Cuevas 
650 0 |9 369534  |a Cómics 
650 0 |9 882681  |a Historietas chilenas  
651 0 |9 892336  |a Placilla de Peñuelas, Valparaíso  |x Taller de creación de cómics 
700 |9 896127  |a Rosales, Oscar   |e correcciones   |e fotografías 
700 |9 895288  |a Rocco, Claudio  |e diseño  |e diagramación 
942 |2 ddc  |c BK  |n 0 
952 |0 0  |1 0  |2 ddc  |4 0  |6 741_500000000000000_JUN_2018  |7 0  |8 A  |9 600410  |a BIBINC  |b BIBINC  |d 2025-02-04  |e Instituto Arcos  |i 5665322  |o 741.5 JUN 2018  |p 5665322  |r 2025-02-04  |t 1  |w 2025-02-04  |y BK  |k IFP 
952 |0 0  |1 0  |2 ddc  |4 0  |6 741_500000000000000_JUN_2018  |7 0  |8 A  |9 600411  |a BIBINC  |b BIBINC  |d 2025-02-04  |e Instituto Arcos  |i 5665321  |l 1  |o 741.5 JUN 2018  |p 5665321  |r 2025-04-15  |s 2025-04-14  |t 2  |w 2025-02-04  |y BK  |k IFP